| 000 | 00764cam a22002777a 4500 | ||
|---|---|---|---|
| 003 | CHAP | ||
| 005 | 20220329140544.0 | ||
| 008 | 971013s1911 r 00010 d | ||
| 010 | _a53851 | ||
| 011 | _a54823 | ||
| 035 | _a58975 | ||
| 040 | _cCHAP | ||
| 082 |
_a634.9865 _bW52 |
||
| 100 | 0 | 0 |
_aWicherley, William. _9121808 |
| 245 | 1 | 4 | _aThe whole art of rubber-growing |
| 260 |
_aPhiladelphia : _bLippincott, _c1911 |
||
| 300 |
_a154 p. _b: ilus. |
||
| 500 | _a(2 ejs. desc. en bodega) | ||
| 590 |
_aBATCH-UPD _b10 _c20130110 _lUCH01 _h0656 |
||
| 590 |
_aCONVERSION _b10 _c20130109 _lUCH01 _h1329 |
||
| 650 | 1 | 4 |
_aCaucho. _920537 |
| 650 | 1 | 4 |
_aHevea. _955088 |
| 901 | _aBK | ||
| 942 | _cLIBRO | ||
| 949 |
_a634.9865 W52 _bBC _cBPP _d-127739 _eBPP _h23928 _i58975 _si |
||
| 999 |
_c53851 _d53851 |
||